La población de Panamá en el siglo XXI/
El presente texto presenta el análisis del Censo de Población de Panamá para el 2010 y las implicaciones del mismo para el país. Como variables de estudio se establecen: crecimiento de la población, los indicadores vitales, la edad y sexo; los cuales son analizados por criterios de región, origen ét...
Αποθηκεύτηκε σε:
| Κύριος συγγραφέας: | |
|---|---|
| Μορφή: | Βιβλίο |
| Γλώσσα: | Spanish |
| Θέματα: | |
| Ετικέτες: |
Προσθήκη ετικέτας
Δεν υπάρχουν, Καταχωρήστε ετικέτα πρώτοι!
|
MARC
| LEADER | 00000nam a22000007a 4500 | ||
|---|---|---|---|
| 003 | cru CIDCACS/IIS | ||
| 005 | 20180814143009.0 | ||
| 007 | ta | ||
| 008 | 180125s2011 pn |||p|r||||||0| 0|spa|d | ||
| 999 | |c 40886 |d 40886 | ||
| 040 | |c cru CIDCACS/IIS | ||
| 100 | 1 | |9 6490 |a Méndez Rodríguez, Euclides Antonio, |d 1964- | |
| 245 | 1 | 3 | |a La población de Panamá en el siglo XXI/ |c E. Antonio Méndez |
| 300 | |a páginas 249-267 | ||
| 520 | |a El presente texto presenta el análisis del Censo de Población de Panamá para el 2010 y las implicaciones del mismo para el país. Como variables de estudio se establecen: crecimiento de la población, los indicadores vitales, la edad y sexo; los cuales son analizados por criterios de región, origen étnico y nacionalidad. A lo anterior, se alude datos de estado civil, la seguridad social y nivel educativo de la población panameña. La publicación tiene la finalidad de revelar características de las personas, hogares y viviendas panameñas, con fines de observar panorámicamente aspectos generales de la población panameña. | ||
| 650 | 0 | |9 1439 |a ANALISIS DEMOGRAFICO | |
| 650 | 0 | |9 5320 |a INDICADORES DEMOGRÁFICOS | |
| 650 | 0 | |9 3849 |a CENSOS DE POBLACION | |
| 650 | 0 | |9 7475 |a ESTADISTICAS DEMOGRAFICAS | |
| 651 | 0 | |9 353 |a PANAMA | |
| 773 | 0 | |0 40875 |9 1756 |a Programa FLACSO-Panamá |d Panamá : FLACSO |o 18823 |t Procesos Sociales: |x 22192611 | |
| 942 | |2 ddc |c PP | ||
